Farhang-e-talaffuz (Record no. 1679849)

MARC details
000 -LEADER
fixed length control field 00750 a2200229 4500
005 - DATE AND TIME OF LATEST TRANSACTION
control field 20260316163039.0
008 - FIXED-LENGTH DATA ELEMENTS--GENERAL INFORMATION
fixed length control field 260316b |||||||| |||| 00| 0 eng d
020 ## - INTERNATIONAL STANDARD BOOK NUMBER
International Standard Book Number 9789360623272 (hbk)
037 ## - SOURCE OF ACQUISITION
Terms of availability REF
040 ## - CATALOGING SOURCE
Original cataloging agency CRL
Transcribing agency CRL
041 ## - LANGUAGE CODE
Source of code PER
Language code of text/sound track or separate title PER
084 ## - COLON CLASSIFICATION NUMBER
Classification number P164:1:4k R5
Item number CRL
100 ## - MAIN ENTRY--PERSONAL NAME
Personal name Huque, Shanul Haq
9 (RLIN) 1116076
245 ## - TITLE STATEMENT
Title Farhang-e-talaffuz
260 ## - PUBLICATION, DISTRIBUTION, ETC.
Place of publication, distribution, etc. New Delhi, India:
Name of publisher, distributor, etc. Educational publishing house,
Date of publication, distribution, etc. 2025.
300 ## - PHYSICAL DESCRIPTION
Extent 984p.
365 ## - TRADE PRICE
Price amount 1600.00
Currency code INR
650 ## - SUBJECT ADDED ENTRY--TOPICAL TERM
Topical term or geographic name entry element Persian Langugae-Word
9 (RLIN) 1132210
650 ## - SUBJECT ADDED ENTRY--TOPICAL TERM
Topical term or geographic name entry element Persian Langugae-Dictionaries
9 (RLIN) 1132211
942 ## - ADDED ENTRY ELEMENTS (KOHA)
Koha item type Textbook
Source of classification or shelving scheme Colon Classification (CC)
Classification part P164:1:4k R5
Holdings
Withdrawn status Lost status Source of classification or shelving scheme Damaged status Not for loan Home library Current library Date acquired Source of acquisition Cost, normal purchase price Inventory number Total Checkouts Full call number Barcode Date last seen Cost, replacement price Price effective from Koha item type
    Colon Classification (CC)     Central Library Central Library 2026-02-19 Nadwi Publications 1280.00 2068 & 17.02.2026   P164:1:4k R5 CL1926558 2026-02-19 1600.00 2026-02-19 Textbook
Copyright @ Delhi University Library System